Tilastot visalle Englantia puhuvat valtiot

Klikkaa tästä pelataksesi tätä visaa!

Yleistilastot

  • Tätä visaa on pelattu 1 930 kertaa
  • Keskiarvotulos 8 / 16

Vastaustilastot

%Valtio% Oikein
79Yhdysvallat
98%
92Yhdistynyt kuningaskunta
97%
57Kanada
90%
90Irlanti
84%
73Australia
83%
85Uusi-Seelanti
73%
99Jamaika
41%
75Bahama
35%
99Barbados
32%
99Saint Kitts ja Nevis
29%
95Trinidad ja Tobago
28%
99Saint Vincent ja Grenadiinit
27%
98Grenada
25%
90Antigua ja Barbuda
25%
70Belize
18%
90Guyana
11%

Tulosjakauma

Persentiili vastausten määrän mukaan

Jokaisen tuloksen saaneiden osuus

Tuloshistoriasi

Et ole pelannut tätä visaa